| 000 | 00708nam a2200289Ia 4500 | ||
|---|---|---|---|
| 003 | SMC | ||
| 005 | 20181017093840.0 | ||
| 008 | 180620s9999 xx 000 0 und d | ||
| 020 | _a0-7821-2781-9 | ||
| 050 | _aREF TK 5105.8885 | ||
| 050 | _b.A26P48 2000 | ||
| 100 | _aPetroutsos, Evangelos. | ||
| 245 | 0 | _aASP 3 instant reference / | |
| 245 | 0 | _cEvangelos Petroutsos. | |
| 260 | _aSan Francisco : | ||
| 260 | _bSybex | ||
| 260 | _c2000 | ||
| 300 | _a476 pages : | ||
| 300 | _billustrations ; | ||
| 300 | _c21 cm. | ||
| 500 | _aIncludes index. | ||
| 650 | _aActive server pages. | ||
| 650 | _aInternet programming. | ||
| 650 | _aWebsites -- | ||
| 650 | _xDesign. | ||
| 942 |
_2lcc _cBK |
||
| 999 |
_c358035 _d358035 |
||